| 000 | 01391cam a2200361 a 4500 | ||
|---|---|---|---|
| 001 | 13218236 | ||
| 003 | OSt | ||
| 005 | 20140310181728.0 | ||
| 008 | 030530s2004 mau b 001 0 eng | ||
| 010 | _a 2003012197 | ||
| 020 | _a063123487X (alk. paper) | ||
| 020 | _a0631234888 (pbk. : alk. paper) | ||
| 040 |
_aDLC _cDLC _dDLC |
||
| 043 | _ae-uk--- | ||
| 050 | 0 | 0 |
_aPR 2970 _b.M478 2004 |
| 082 | 0 | 0 |
_aIB 822.33 _bSh1 2004 |
| 245 | 0 | 0 |
_aShakespeare : _ban anthology of criticism and theory, 1945-2000 / _cedited by Russ McDonald. |
| 260 |
_aMalden, MA : _bBlackwell Pub., _c2004. |
||
| 300 |
_axix, 930 p. ; _c26 cm. |
||
| 504 | _aIncludes bibliographical references and index. | ||
| 521 | _aIB student | ||
| 526 | _c1210L to 1700L | ||
| 541 | _j1 | ||
| 562 | _e1 | ||
| 600 | 1 | 0 |
_aShakespeare, William, _d1564-1616 _xCriticism and interpretation _xHistory _y20th century. |
| 600 | 1 | 0 |
_aShakespeare, William, _d1564-1616 _xCriticism and interpretation. |
| 650 | 0 |
_aEnglish drama _xHistory and criticism _xTheory, etc. |
|
| 700 | 1 |
_aMcDonald, Russ, _d1949- |
|
| 856 | 4 | 1 |
_3Table of contents _uhttp://www.loc.gov/catdir/toc/ecip044/2003012197.html |
| 906 |
_a7 _bcbc _corignew _d1 _eecip _f20 _gy-gencatlg |
||
| 942 |
_2lcc _cIB _kIB |
||
| 999 |
_c2302 _d2302 |
||